| 000 | 01129aam a2200301 i 4500 | ||
|---|---|---|---|
| 001 | 768714001 | ||
| 003 | CO-MdFUSB | ||
| 005 | 20240531062737.0 | ||
| 007 | ta | ||
| 008 | 220516t2004 sp |||| |||| 00| 0 spa d | ||
| 020 |
_a84826735 _q05 |
||
| 040 |
_bspa. _aCO-MdFUSB _cCO-MdFUSB _dCO-MdFUSBC _erda |
||
| 041 | _aeng | ||
| 082 | 0 | 4 |
_a261.51 _223 _bD686f |
| 100 | 1 |
_aDonner, Theodorus Gerardus (Theo G.) _eautor |
|
| 245 | 1 | 0 |
_aFe y posmodernidad : _buna cosmovisión cristiana para un mundo fragmentado _c/ Theo G. Donner |
| 264 | 1 |
_aBarcelona, España : _bClie, _c[2004] |
|
| 264 | 4 | _c© 2004 | |
| 300 |
_a240 páginas _c; 23 cm |
||
| 336 |
_atexto _btxt _2rdacontent |
||
| 337 |
_2rdamedia _asin mediación _bn |
||
| 338 |
_2rdacarrier _avolumen _bnc |
||
| 505 | _aHacia un fe cristiana integral - El mundo mayor de edad - El mundo del fragmento - El verdadero relativismo y la base de una cosmovisión cristiana - La fe y la historia - El cristiano y: la política, la economía, la ciencia empírica - Fe y psicología. | ||
| 563 | _aPasta dura | ||
| 650 | 7 |
_aCristianismo _2 _922 |
|
| 942 | _cBK | ||
| 945 | _aJTF-925 | ||
| 999 |
_c41811 _d41811 |
||